00786nam a22002057a 450000500170000001000150001702000260003203500130005803700130007108200150008410000180009924500860011726000450020327000790024830000290032750000500035694200290040699900170043595201280045220141030122123.0 aENG-111046 c499.00a9789350098561 aEN-94578 bDBAD/PUB a791.430954 aDwyer, Rachel aPicture abhi baaki hai :cby Rachel Dwyerbbollywood as a guide to modern India / aGurgaonbHachette Book Publishing c2014 bGurgaone122001a4th & 5th Floors, Corporate Centre, Plot No.94, Sector-44 a295p. :c23cm(pbk)bill. aIncludes bibliographical references and index 2ddccENmDWYh791.430954 c89594d89594 001040718NFICaDBADbDBADd2014-10-24eDBAD/PUBg499.00l0o791.430954 DWYpEN-94578r2014-10-24 00:00:00t1v499.00yEN